Leader xxxxxxxxxx
001 __ PCLIS00056285
005 __ 20221109145503.0
010 0_ |a978-986-489-578-6|b平裝|dNT$350
100 __ |a20221028d2022 m y0chiy09 e
101 0_ |achi
102 __ |atw
105 __ |ay z 000ay
200 1_ |a逆時偵查|e|h1|i時間迴圈的陷阱|f張小貓著
205 __ |a初版
210 __ |a臺北市|c漫遊者文化|d2022.01[民111]
215 0_ |a334面|c|d21公分
225 2_ |aFiction小說|v50
300 __ |a
410 _0 |12001 |aFiction小說|v50
517 1_ |a時間迴圈的陷阱|zchi
606 __ |2cst|a長篇小說
606 __ |2cst|a推理小說
606 __ |2cst|a科幻小說
681 __ |a857.8|b8746
681 __ |a857.7|b8746
700 _0 |a張小貓|b|4著
702 __ |a|b|4
801 _0 |atw|b內湖高中|c20221028|gCCR
|